| 000 | 00721nam a2200181Ia 4500 | ||
|---|---|---|---|
| 008 | 151018s9999 xx 000 0 und d | ||
| 082 |
_bRBASDV34190 _a891.434 |
||
| 100 | _aअंजू शर्मा | ||
| 245 | _aप्राचीन भारत में न्यायिक प्रणाली | ||
| 250 | _b1 | ||
| 260 |
_bश्याम प्रकाशन _c2001 |
||
| 300 | _a176 | ||
| 600 | _aअंजू शर्मा | ||
| 630 | _aप्राचीन भारत में न्यायिक प्रणाली | ||
| 700 | _aअंजू शर्मा | ||
| 730 | _aप्राचीन भारत में न्यायिक प्रणाली | ||
| 942 | _cBOOK | ||
| 999 |
_c1033682 _d1033679 |
||